Problèmes de statistique mathématique /

Guardado en:
Autor Principal: Barra, Jean René, 1934-
Otros Autores: Baille, A.
Formato: Libro
Idioma:French
Publicado: Paris : Dunod, 1969.
Series:Problèmes de licence et de maîtrise ; 8
Etiquetas: Agregar Etiqueta
Sin Etiquetas, Sea el primero en etiquetar este registro!
LEADER 00813nam a22001935a 4500
001 MAT.inmabb002401
008 800229s1969####fr#######b####000#0#fre#d
005 20130226124043.0
245 1 0 |a Problèmes de statistique mathématique /  |c J. R. Barra, A. Baille. 
260 |a Paris :  |b Dunod,  |c 1969. 
300 |a xii, 321 p. ;  |c 24 cm. 
440 0 |a Problèmes de licence et de maîtrise ;  |v 8 
504 |a Bibliografía: p. [ix] 
505 8 |a Capítulos: 1. Exercices de calcul des probabilités en vue de la statistique -- 2. Exhaustivité -- 3. Théorie des tests -- 4. Théorie de l'estimation -- 5. Problèmes d'examens corrigés -- 6. Problèmes sans solution. 
100 1 |a Barra, Jean René,  |d 1934- 
700 1 |a Baille, A. 
084 |a 62-01  |2 msc2000 
010 |a  74472427  
859 |h 62  |i B268  |p A-4074  |b BIB. MATEMATICA